000 01354cam a22002294a 4500
005 20250605164116.0
008 250528s ||||||||||||||||||||||||d
035 _a18093
020 _a205444121
040 _aGR-AtMCL
_bgre
_dGR-AtMCL
_eAACR2
245 1 _aSocial Psychology / Eleventh Edition
250 _a11th
260 _bPearson Education Limited,
_c2006
300 _a654
520 _aThe Field of Social Psychology: How We Think about and Interact with Others, Social Cognition: Thinking about the Social World, Social Perception: Perceiving and Understanding Others, Attitudes: Evaluating the Social World, The Self: Understanding ''Who Am I ?'', Prejudice: Its Causes and Effects and Cures, Interpersonal Attraction: Meeting and Linking and Becoming Acquianted, Close Relationships: Family and Friends and Lovers and Spouses, Social Influence: Changing Others' Behavior, Propocial Behavior: Helping Others, Aggression: Its Nature and Causes and Control, Groups and Individuals: The Consequences of Belonging, Social Psychology in Action: Applications to Law and Health, Social Psychology Goes to Work: Applying Social Psychology to Work Settings and Entrepreneurship.
700 1 _aBaron Robert A.
_9568
700 1 _aBranscombe Nyla R
_94377
700 1 _aByrne Donn Erwin
_94378
942 _cBK
999 _c3478
_d3478